UBT Library

Judicial process : (Record no. 38786)

000 -LEADER
fixed length control field 01294cam a2200337 a 4500
001 - CONTROL NUMBER
control field 15388035
003 - CONTROL NUMBER IDENTIFIER
control field US-DLC
005 - DATE AND TIME OF LATEST TRANSACTION
control field 20171206050728.0
008 - FIXED-LENGTH DATA ELEMENTS--GENERAL INFORMATION
fixed length control field 080730s2010 mauab b 001 0 eng
010 ## - LIBRARY OF CONGRESS CONTROL NUMBER
LC control number 2008934211
020 ## - INTERNATIONAL STANDARD BOOK NUMBER
International Standard Book Number 9780495569336 (pbk.)
020 ## - INTERNATIONAL STANDARD BOOK NUMBER
International Standard Book Number 049556933X (pbk.)
040 ## - CATALOGING SOURCE
Original cataloging agency DLC
Transcribing agency DLC
043 ## - GEOGRAPHIC AREA CODE
Geographic area code n-us---
050 00 - LIBRARY OF CONGRESS CALL NUMBER
Classification number KF8719
Item number .N48 2010
082 ## - DEWEY DECIMAL CLASSIFICATION NUMBER
Classification number 340.142 NEU
100 1# - MAIN ENTRY--PERSONAL NAME
Personal name Neubauer, David W.
245 10 - TITLE STATEMENT
Title Judicial process :
Remainder of title law, courts, and politics in the United States /
Statement of responsibility, etc David W. Neubauer, Stephen S. Meinhold.
250 ## - EDITION STATEMENT
Edition statement 5th ed.
260 ## - PUBLICATION, DISTRIBUTION, ETC. (IMPRINT)
Place of publication, distribution, etc Boston, MA :
Name of publisher, distributor, etc Wadsworth Cengage Learning,
Date of publication, distribution, etc c2010.
300 ## - PHYSICAL DESCRIPTION
Extent xxv, 547 p. :
Other physical details ill., maps ;
Dimensions 24 cm.
504 ## - BIBLIOGRAPHY, ETC. NOTE
Bibliography, etc Includes bibliographical references (p. 507-513) and indexes.
650 #0 - SUBJECT ADDED ENTRY--TOPICAL TERM
Topical term or geographic name as entry element Courts
Geographic subdivision United States.
650 #0 - SUBJECT ADDED ENTRY--TOPICAL TERM
Topical term or geographic name as entry element Procedure (Law)
Geographic subdivision United States.
650 #0 - SUBJECT ADDED ENTRY--TOPICAL TERM
Topical term or geographic name as entry element Justice, Administration of
Geographic subdivision United States
General subdivision Political aspects.
700 1# - ADDED ENTRY--PERSONAL NAME
Personal name Meinhold, Stephen Scott,
Dates associated with a name 1968-
906 ## - LOCAL DATA ELEMENT F, LDF (RLIN)
a 7
b cbc
c origcop
d 2
e ncip
f 20
g y-gencatlg
942 ## - ADDED ENTRY ELEMENTS (KOHA)
Source of classification or shelving scheme
Koha item type Books
Holdings
Withdrawn status Lost status Source of classification or shelving scheme Damaged status Not for loan Collection code Permanent Location Current Location Shelving location Date acquired Total Checkouts Full call number Barcode Date last seen Price effective from Koha item type
          Koleksioni i përgjithshem UBT - Lipjan UBT - Lipjan Koleksioni i përgjithshem 12/06/2017   340.142 NEU 002-283631 12/06/2017 12/06/2017 Books
          Koleksioni i përgjithshem UBT - Lipjan UBT - Lipjan Koleksioni i përgjithshem 12/06/2017   340.142 NEU 002-283636 12/06/2017 12/06/2017 Books
UBT Library © 2015-2024. All rights reserved University Education for Business and Technology